| 000 | 00535nam a2200193 a 4500 | ||
|---|---|---|---|
| 001 | 2047 | ||
| 005 | 20140414131908.0 | ||
| 008 | 040110s19uu xx 00 eng d | ||
| 020 | _a0-7097-0462-3 | ||
| 050 |
_aER _bB56 1986 |
||
| 100 | _aSewell, Anna | ||
| 245 |
_aBlack beauty / _cAnna Sewell ; illustrated by Libby Turner. |
||
| 260 |
_bBrown Watson, _c1986. _a[S.l.] : |
||
| 300 | _a32 p. : ill. ; cm. | ||
| 440 | _aJunior Classics Illustrated | ||
| 650 |
_aHorses _xFiction. |
||
| 650 | _aChildren stories. | ||
| 999 |
_c111074 _d111074 |
||